[Event "XIX Corsicoscacchi Magistrale"]
[Site "Corsico ITA"]
[Date "1999.10.09"]
[Round "4"]
[White "La Torre, Giovanni"]
[Black "Mazzini, Antonio"]
[Result "1-0"]
[WhiteElo "1902"]
[BlackElo "2140"]
[PlyCount "73"]
[EventDate "1999.10.02"]

1.e4 c5 2.Nf3 d6 3.Bb5+ Nd7 4.Bxd7+ Bxd7 5.O-O Qc7 6.d4 cxd4 7.Qxd4 e5 8.
Qd3 Rc8 9.Nc3 Be7 10.Rd1 Bc6 11.Bg5 h6 12.Bxe7 Kxe7 13.Rd2 Nf6 14.Re1 g6 
15.Red1 Rcd8 16.Qc4 Rd7 17.Nxe5 dxe5 18.Rxd7+ Qxd7 19.Rxd7+ Nxd7 20.b4 a6 
21.a4 Nf6 22.b5 axb5 23.axb5 Bd7 24.Qc5+ Ke6 25.Qb6+ Ke7 26.Qc5+ Ke6 27.f3
Rc8 28.Qb4 b6 29.Nd1 Ne8 30.Ne3 Rc5 31.Qb3+ Ke7 32.Nd5+ Kd8 33.c4 Be6 34.
Nxb6 Kc7 35.Nd5+ Bxd5 36.exd5 Nd6 37.b6+ 1-0

[Event "XIX Corsicoscacchi Magistrale"]
[Site "Corsico ITA"]
[Date "1999.10.09"]
[Round "4"]
[White "Lapiccirella, Daniele"]
[Black "Murgia, Andrea"]
[Result "1/2-1/2"]
[WhiteElo "1891"]
[BlackElo "2125"]
[PlyCount "61"]
[EventDate "1999.10.02"]

1.d4 f5 2.Nf3 Nf6 3.g3 g6 4.Bg2 Bg7 5.O-O O-O 6.c4 d6 7.Nc3 c6 8.d5 Bd7 9.
Rb1 Na6 10.Nd4 c5 11.Nc2 Rb8 12.a4 Qa5 13.b3 f4 14.Nb5 fxg3 15.hxg3 Nb4 
16.Nxb4 cxb4 17.Bg5 h6 18.Bxf6 Rxf6 19.Qd3 Rbf8 20.Be4 Qb6 21.e3 g5 22.Kg2
h5 23.f3 h4 24.g4 Rh6 25.Kh3 a6 26.Nd4 Bxd4 27.Qxd4 Qxd4 28.exd4 b6 29.
Rbc1 Rf4 30.Rfe1 Rhf6 31.c5 1/2-1/2

[Event "XIX Corsicoscacchi Magistrale"]
[Site "Corsico ITA"]
[Date "1999.10.09"]
[Round "4"]
[White "Lapiccirella, Mattia"]
[Black "Barberi, Alessandro"]
[Result "0-1"]
[WhiteElo "2124"]
[BlackElo "2180"]
[PlyCount "114"]
[EventDate "1999.10.02"]

1.d4 Nf6 2.c4 c5 3.d5 e6 4.Nc3 exd5 5.cxd5 d6 6.e4 g6 7.f4 Nfd7 8.Nf3 Bg7 
9.Be2 O-O 10.O-O Na6 11.Kh1 Nc7 12.a4 b6 13.Nd2 Nf6 14.Nc4 Ba6 15.Re1 Ng4 
16.Bxg4 Bxc4 17.Be3 f5 18.Bf3 fxe4 19.Bxe4 Qf6 20.Qf3 Rae8 21.Rad1 Qf7 22.
Rd2 a6 23.Nd1 Qe7 24.Nf2 Kh8 25.Qd1 a5 26.b3 Ba6 27.Qc2 Qf6 28.Rc1 Bb7 29.
Qc4 Qf7 30.Rcd1 Ba6 31.Qc1 b5 32.Ra2 Qd7 33.Bd2 b4 34.Rc2 Rxe4 35.Nxe4 Bd3
36.Nf2 Bxc2 37.Qxc2 Nxd5 38.Qe4 Nb6 39.Qc2 Qf5 40.Qxf5 gxf5 41.g4 Bd4 42.
Kg2 Re8 43.Kf3 fxg4+ 44.Nxg4 d5 45.Bc1 Kg7 46.Rxd4 cxd4 47.Bb2 Nd7 48.
Bxd4+ Kf7 49.Ne3 Ke6 50.f5+ Kd6 51.f6 Nxf6 52.Nf5+ Kd7 53.Bxf6 Rf8 54.Kf4 
Rxf6 55.Ke5 Rxf5+ 56.Kxf5 Kd6 57.h4 h5 0-1

[Event "XIX Corsicoscacchi Magistrale"]
[Site "Corsico ITA"]
[Date "1999.10.09"]
[Round "4"]
[White "Mascheroni, Maurizio"]
[Black "Crippa, Gabriele"]
[Result "0-1"]
[WhiteElo "2067"]
[BlackElo "2149"]
[PlyCount "106"]
[EventDate "1999.10.02"]

1.e4 e6 2.d4 d5 3.Nd2 dxe4 4.Nxe4 Nd7 5.Nf3 Ngf6 6.Ng3 b6 7.Be2 Be7 8.O-O 
Bb7 9.Ne5 Nxe5 10.dxe5 Qxd1 11.Rxd1 Nd7 12.Bf4 O-O-O 13.Nf1 h5 14.h3 f6 
15.exf6 gxf6 16.Nd2 e5 17.Bh2 f5 18.Nf3 Rhg8 19.Ne1 Rg5 20.Bc4 Bd6 21.Bd5 
Bxd5 22.Rxd5 Rdg8 23.f3 f4 24.Rd2 Nf6 25.Re2 Nd5 26.Kh1 Ne3 27.c3 Kd7 28.
b4 a5 29.a3 Ra8 30.Nd3 Rgg8 31.Bg1 Nf5 32.Nxe5+ Bxe5 33.Rxe5 Ng3+ 34.Kh2 
axb4 35.Rd1+ Kc6 36.cxb4 Rxa3 37.b5+ Kb7 38.Bf2 Ra2 39.Bxg3 Rxg3 40.Rxh5 
Raxg2+ 41.Kh1 Rc2 42.Rf1 Rc5 43.Rxc5 bxc5 44.Rc1 Kb6 45.Rc4 Rxh3+ 46.Kg2 
Rh4 47.Re4 Kxb5 48.Re5 Kb4 49.Re7 Rh5 50.Re4+ c4 51.Rxf4 Kb3 52.Re4 c3 53.
Re8 c2 0-1

[Event "XIX Corsicoscacchi Magistrale"]
[Site "Corsico ITA"]
[Date "1999.10.09"]
[Round "4"]
[White "Pace, Pietro Dario"]
[Black "Radice, Luca"]
[Result "1-0"]
[WhiteElo "1879"]
[BlackElo "2017"]
[PlyCount "97"]
[EventDate "1999.10.02"]

1.e4 e6 2.d3 c5 3.Nd2 Nc6 4.Ngf3 d5 5.g3 Nge7 6.Bg2 g6 7.O-O Bg7 8.Re1 O-O
9.h4 b6 10.h5 a5 11.hxg6 fxg6 12.c3 Ra7 13.Ng5 h6 14.exd5 Ne5 15.Ndf3 
Nxf3+ 16.Nxf3 exd5 17.Ne5 Qd6 18.d4 c4 19.Bf4 g5 20.Bd2 b5 21.Qh5 Bf5 22.
f4 gxf4 23.Bxf4 Qb6 24.Ng4 Kh7 25.Re3 Bg6 26.Qh2 Nf5 27.Re2 Bf7 28.Rae1 b4
29.Ne5 Bg8 30.Kh1 a4 31.g4 Nh4 32.Qxh4 Rxf4 33.Nf3 Qg6 34.Nh2 bxc3 35.bxc3
Rb7 36.Qd8 Bf6 37.Qc8 Rb1 38.Qd7+ Kh8 39.Bxd5 Rxe1+ 40.Rxe1 Bxd5+ 41.Qxd5 
Rf2 42.Qxc4 h5 43.Qxa4 Be5 44.dxe5 hxg4 45.Qa8+ Kg7 46.Qa7+ Rf7 47.Qd4 g3 
48.e6+ Rf6 49.Ng4 1-0

[Event "XIX Corsicoscacchi Magistrale"]
[Site "Corsico ITA"]
[Date "1999.10.09"]
[Round "4"]
[White "Pace, Roberto"]
[Black "Drabke, Lorenz Maximilian"]
[Result "0-1"]
[WhiteElo "2050"]
[BlackElo "2102"]
[PlyCount "74"]
[EventDate "1999.10.02"]

1.e4 c5 2.Nc3 Nc6 3.g3 g6 4.Bg2 Bg7 5.Nge2 e6 6.O-O Nge7 7.d3 O-O 8.Be3 
Nd4 9.Nf4 d6 10.Nh3 Rb8 11.f4 b5 12.Qd2 b4 13.Nd1 Qa5 14.Ndf2 Qb6 15.Ng4 
f5 16.Ngf2 a5 17.Ng5 h6 18.Ngh3 Nb5 19.Nd1 a4 20.c3 bxc3 21.bxc3 Ba6 22.
Nhf2 Qa5 23.Rc1 Rfc8 24.Re1 Rc7 25.g4 d5 26.e5 Na3 27.Qe2 Kh7 28.Bh3 Qb5 
29.gxf5 Nxf5 30.Bxf5 gxf5 31.Kh1 Rg8 32.h3 Qb7 33.Kh2 d4 34.cxd4 Bf8 35.
Nh1 Bxd3 36.Qf2 Rcg7 37.Bd2 Rg2+ 0-1

[Event "XIX Corsicoscacchi Magistrale"]
[Site "Corsico ITA"]
[Date "1999.10.09"]
[Round "4"]
[White "Salami, Marco"]
[Black "Fadali, Mustafa"]
[Result "0-1"]
[WhiteElo "2227"]
[BlackElo "1930"]
[PlyCount "100"]
[EventDate "1999.10.02"]

1.e4 c5 2.Nc3 d6 3.g3 Nf6 4.Bg2 Nc6 5.Nge2 e6 6.O-O Be7 7.d3 a6 8.h3 Qc7 
9.a4 b6 10.Be3 Bb7 11.f4 Rd8 12.Bf2 Nb4 13.g4 g5 14.fxg5 Nd7 15.Be3 Rg8 
16.Ng3 d5 17.exd5 Nxd5 18.Nxd5 Bxd5 19.Bf4 Bd6 20.Bxd6 Qxd6 21.Bxd5 Qxg3+ 
22.Bg2 Qe3+ 23.Rf2 Rxg5 24.Qe2 Qxe2 25.Rxe2 a5 26.Rae1 Ke7 27.Kh2 Rdg8 28.
Bf3 Kd6 29.h4 Ne5 30.hxg5 Nxf3+ 31.Kg3 Nxe1 32.Rxe1 Rxg5 33.Kf4 h6 34.Rh1 
e5+ 35.Kf3 Rg6 36.Rh5 Kd5 37.Rf5 f6 38.Rh5 Kd4 39.Rh4 Kd5 40.Rh5 c4 41.
dxc4+ Kxc4 42.Rh4 Kd5 43.Ke3 Ke6 44.Ke4 Rxg4+ 45.Rxg4 f5+ 46.Kf3 fxg4+ 47.
Kxg4 h5+ 48.Kg5 Kd5 49.Kxh5 Ke4 50.c3 Kd3 0-1

[Event "XIX Corsicoscacchi Magistrale"]
[Site "Corsico ITA"]
[Date "1999.10.09"]
[Round "4"]
[White "Ubezio, Marco"]
[Black "Sbarra, Marco"]
[Result "1/2-1/2"]
[WhiteElo "2196"]
[BlackElo "2294"]
[PlyCount "60"]
[EventDate "1999.10.02"]

1.d4 Nf6 2.Bg5 c5 3.Bxf6 gxf6 4.d5 Qb6 5.Qc1 f5 6.e3 Bg7 7.c3 Na6 8.Na3 
Nc7 9.Nc4 Qf6 10.Qd2 b5 11.d6 bxc4 12.dxc7 Bb7 13.Rd1 Qc6 14.Bxc4 Qxc7 15.
Ne2 Bc6 16.Nf4 e6 17.Qe2 Rb8 18.Nh5 Bh6 19.O-O Ke7 20.Ng3 Rhg8 21.f4 Rg4 
22.Rf2 a5 23.Rd2 Rbg8 24.Bb5 Bxb5 25.Qxb5 d6 26.Qd3 c4 27.Qf1 d5 28.Ne2 
Rb8 29.Nd4 Rgg8 30.Qd1 Bg7 1/2-1/2

[Event "XIX Corsicoscacchi Magistrale"]
[Site "Corsico ITA"]
[Date "1999.10.09"]
[Round "5"]
[White "Barberi, Alessandro"]
[Black "Cazzaniga, Walter"]
[Result "0-1"]
[WhiteElo "2180"]
[BlackElo "2153"]
[PlyCount "86"]
[EventDate "1999.10.02"]

1.d4 Nf6 2.c4 g6 3.Nc3 Bg7 4.e4 d6 5.g3 O-O 6.Bg2 c6 7.Nge2 e5 8.O-O Nbd7 
9.h3 a5 10.Be3 exd4 11.Nxd4 Re8 12.Qc2 Nc5 13.Rad1 Qe7 14.Rfe1 Nfd7 15.b3 
Nf8 16.f4 Bd7 17.Bf2 Rad8 18.g4 Nfe6 19.Nxe6 Bxe6 20.g5 f6 21.h4 Bg4 22.
Rd2 Qf7 23.gxf6 Qxf6 24.Ne2 Bxe2 25.Rexe2 Qxf4 26.Qd1 Ne6 27.Rd3 Be5 28.
Bg3 Qg4 29.Qe1 Rf8 30.Bxe5 dxe5 31.Rg3 Qh5 32.Rd2 Rxd2 33.Qxd2 Qxh4 34.Rh3
Rd8 35.Rd3 Nd4 36.c5 Qg4 37.Kh2 Qf4+ 38.Qxf4 exf4 39.Kh3 Kg7 40.Kg4 Kf6 
41.Rh3 f3 42.Bxf3 h5+ 43.Kh4 g5+ 0-1

[Event "XIX Corsicoscacchi Magistrale"]
[Site "Corsico ITA"]
[Date "1999.10.09"]
[Round "5"]
[White "Barlocco, Carlo"]
[Black "Lapiccirella, Mattia"]
[Result "1-0"]
[WhiteElo "2161"]
[BlackElo "2124"]
[PlyCount "63"]
[EventDate "1999.10.02"]

1.e4 c5 2.Nf3 Nc6 3.d4 cxd4 4.Nxd4 Nf6 5.Nc3 d6 6.Bg5 e6 7.Qd2 a6 8.f3 Bd7
9.O-O-O Qc7 10.g4 Be7 11.Be3 Bc8 12.g5 Nd7 13.f4 b5 14.Bg2 Rb8 15.Rhe1 Nb6
16.Nxc6 Qxc6 17.Bd4 Nc4 18.Qe2 O-O 19.Qh5 Re8 20.Rd3 e5 21.Ba7 Rb7 22.f5 
Bxf5 23.exf5 Qxg2 24.Rg1 g6 25.Qd1 Bxg5+ 26.Kb1 Qc6 27.Rxg5 Rxa7 28.Nd5 
Kg7 29.Qh5 Rh8 30.Qf3 Rc8 31.c3 b4 32.fxg6 1-0

[Event "XIX Corsicoscacchi Magistrale"]
[Site "Corsico ITA"]
[Date "1999.10.09"]
[Round "5"]
[White "Crippa, Gabriele"]
[Black "Bonanno, Alessandro"]
[Result "1/2-1/2"]
[WhiteElo "2149"]
[BlackElo "2041"]
[PlyCount "97"]
[EventDate "1999.10.02"]

1.d4 Nf6 2.Nf3 g6 3.Bg5 Bg7 4.Nbd2 O-O 5.e4 d6 6.c3 c5 7.dxc5 dxc5 8.Be2 
Nc6 9.O-O Qc7 10.Re1 Rd8 11.Qc2 Nh5 12.Bh4 h6 13.Bc4 g5 14.Bg3 Nxg3 15.
hxg3 g4 16.Nh2 Ne5 17.Be2 h5 18.Nhf1 Bh6 19.Nc4 Be6 20.Nce3 Rd7 21.Red1 
Rad8 22.Rxd7 Rxd7 23.f4 gxf3 24.gxf3 Bxe3+ 25.Nxe3 Ng6 26.Kh2 h4 27.Rg1 
hxg3+ 28.Rxg3 Qf4 29.Nf1 Kf8 30.Bb5 Rd6 31.Kg1 c4 32.Ba4 a6 33.Qg2 b5 34.
Bc2 Ke8 35.e5 Nxe5 36.Be4 Bf5 37.Rg8+ Kd7 38.Bb7 Kc7 39.Ba8 Rg6 40.Rxg6 
Bxg6 41.Qf2 Qg5+ 42.Kh1 Nc6 43.Bxc6 Kxc6 44.Qa7 Qh4+ 45.Kg1 Qg5+ 46.Kh1 
Qc5 47.Qxa6+ Kc7 48.Kg2 Bd3 49.Qh6 1/2-1/2

[Event "XIX Corsicoscacchi Magistrale"]
[Site "Corsico ITA"]
[Date "1999.10.09"]
[Round "5"]
[White "Drabke, Lorenz Maximilian"]
[Black "Ubezio, Marco"]
[Result "1-0"]
[WhiteElo "2102"]
[BlackElo "2196"]
[PlyCount "175"]
[EventDate "1999.10.02"]

1.e4 Nf6 2.Nc3 d5 3.e5 d4 4.exf6 dxc3 5.fxg7 cxd2+ 6.Qxd2 Qxd2+ 7.Bxd2 
Bxg7 8.O-O-O Nc6 9.Bb5 Bd7 10.Nf3 a6 11.Ba4 b5 12.Bb3 e6 13.Bf4 O-O-O 14.
c3 Na5 15.Bc2 f6 16.b3 Nb7 17.Rhe1 e5 18.Be3 Nd6 19.Nh4 Be6 20.Kb2 f5 21.
Bc5 Rhf8 22.Nf3 e4 23.Nd4 Bd7 24.f3 Rf6 25.fxe4 fxe4 26.Bxd6 cxd6 27.Bxe4 
Rf2+ 28.Kb1 Bg4 29.Rc1 d5 30.Rc2 Rdf8 31.Bxd5 Kd7 32.h3 Bxd4 33.cxd4 Bf5 
34.Be4 Rxc2 35.Bxf5+ Rxf5 36.Kxc2 Rf2+ 37.Kd3 Rxg2 38.Re2 Rg3+ 39.Re3 Rg2 
40.Re2 Rg3+ 41.Re3 Rg2 42.a3 Ra2 43.Kc3 a5 44.Re5 Kc6 45.Re6+ Kc7 46.Re7+ 
Kc6 47.Rxh7 a4 48.Rh6+ Kc7 49.Rh5 Kc6 50.Rc5+ Kb6 51.Kb4 axb3 52.Rxb5+ Kc6
53.Rc5+ Kd6 54.Kxb3 Rd2 55.Kc4 Rc2+ 56.Kb4 Rd2 57.Kc3 Rh2 58.Rh5 Ra2 59.
Kb4 Rb2+ 60.Ka5 Rd2 61.d5 Rb2 62.h4 Rb8 63.Rg5 Kc5 64.Ka4 Ra8+ 65.Kb3 Rb8+
66.Ka2 Kc4 67.a4 Rf8 68.a5 Rf2+ 69.Ka3 Rf3+ 70.Ka4 Rf1 71.Rg4+ Kxd5 72.Kb5
Rf8 73.Rg5+ Kd6 74.Rg6+ Kc7 75.Rc6+ Kb8 76.h5 Rf5+ 77.Rc5 Rf6 78.Kc4 Kb7 
79.Kd5 Rf5+ 80.Kd6 Rf6+ 81.Ke7 Rf1 82.Ke6 Rg1 83.Kf6 Rf1+ 84.Kg6 Rf8 85.h6
Rg8+ 86.Kf7 Rg2 87.h7 Rf2+ 88.Kg7 1-0

[Event "XIX Corsicoscacchi Magistrale"]
[Site "Corsico ITA"]
[Date "1999.10.09"]
[Round "5"]
[White "Fadali, Mustafa"]
[Black "Pace, Pietro Dario"]
[Result "0-1"]
[WhiteElo "1930"]
[BlackElo "1879"]
[PlyCount "112"]
[EventDate "1999.10.02"]

1.e4 e5 2.Nf3 Nc6 3.Bc4 Bc5 4.d4 Bxd4 5.Ng5 Nh6 6.c3 Bb6 7.O-O d6 8.Kh1 
Qe7 9.b4 Bd7 10.a4 a6 11.f4 exf4 12.Bxf4 Bg4 13.Bxf7+ Kd7 14.Qd5 Raf8 15.
b5 Nd8 16.bxa6 bxa6 17.Nd2 Nhxf7 18.Nc4 Bc5 19.Nf3 Bxf3 20.Rxf3 Qe6 21.Qd3
Nc6 22.Raf1 Ke7 23.Rg3 Rhg8 24.Ne3 Bxe3 25.Rxe3 Nfe5 26.Bg5+ Kd7 27.Qxa6 
Qc4 28.Qxc4 Nxc4 29.Ref3 Rxf3 30.Rxf3 N6e5 31.Rf1 Ra8 32.Ra1 Nd3 33.h3 Nc5
34.Rf1 Ne5 35.Bf4 Rf8 36.Kg1 Ncd3 37.Be3 Rxf1+ 38.Kxf1 Nc4 39.Bd4 Nde5 40.
Ke2 c5 41.Bg1 Kc6 42.Bh2 Kb6 43.Bf4 Ka5 44.Kd1 Nd3 45.Bg5 Nf2+ 46.Kc2 Nxe4
47.Bd8+ Kxa4 48.Kd3 d5 49.Be7 Kb3 50.Bxc5 Nxc5+ 51.Kd4 Ne6+ 52.Kxd5 Nf4+ 
53.Ke4 Nxg2 54.Kf5 Kxc3 55.Ke6 Nf4+ 56.Kf7 g5 0-1

[Event "XIX Corsicoscacchi Magistrale"]
[Site "Corsico ITA"]
[Date "1999.10.09"]
[Round "5"]
[White "Galli, Fabio"]
[Black "Pace, Roberto"]
[Result "1-0"]
[WhiteElo "2158"]
[BlackElo "2050"]
[PlyCount "73"]
[EventDate "1999.10.02"]

1.e4 e5 2.Nf3 Nc6 3.d4 exd4 4.Bc4 Be7 5.Nxd4 Ne5 6.Bb3 d6 7.O-O Nf6 8.Nc3 
a6 9.f4 Ng6 10.Re1 O-O 11.Nd5 Nxd5 12.Bxd5 Bh4 13.g3 Bf6 14.c3 Rb8 15.Be3 
Bd7 16.Qd2 Re8 17.Bf2 Qc8 18.Bb3 b5 19.Nf3 a5 20.Bd4 Be7 21.f5 Nh8 22.Qf4 
Qd8 23.e5 c5 24.exd6 Bxd6 25.Qxd6 cxd4 26.Nxd4 Qc8 27.Kf2 Bxf5 28.Rxe8+ 
Qxe8 29.Nxf5 Ng6 30.Re1 Qc8 31.Ne7+ Nxe7 32.Qxe7 Qf5+ 33.Kg1 Rf8 34.Rf1 
Qc8 35.Rxf7 Rxf7 36.Bxf7+ Kh8 37.Qe8+ 1-0

[Event "XIX Corsicoscacchi Magistrale"]
[Site "Corsico ITA"]
[Date "1999.10.09"]
[Round "5"]
[White "Leoni, Fabrizio"]
[Black "Salami, Marco"]
[Result "1-0"]
[WhiteElo "1905"]
[BlackElo "2227"]
[PlyCount "109"]
[EventDate "1999.10.02"]

1.d4 f5 2.Nf3 Nf6 3.g3 g6 4.Bg2 Bg7 5.c4 d6 6.O-O O-O 7.Nc3 Qe8 8.Qc2 Nc6 
9.Nd5 Qd7 10.Nxf6+ Bxf6 11.d5 Nb4 12.Qb3 Na6 13.Bh6 Re8 14.Nd2 Nc5 15.Qc2 
a5 16.Rad1 e5 17.dxe6 Nxe6 18.e4 Nc5 19.Be3 Nxe4 20.Nxe4 fxe4 21.Bxe4 Qe7 
22.Bd5+ Kh8 23.Qd2 Bg4 24.Rde1 Qg7 25.Bh6 Qd7 26.Bxb7 Rab8 27.Rxe8+ Rxe8 
28.Bd5 c6 29.Bg2 Be2 30.Rc1 a4 31.Bf4 Be5 32.Bxe5+ Rxe5 33.Re1 Qe7 34.Bf1 
Bxf1 35.Kxf1 Qe6 36.Rxe5 dxe5 37.b3 Kg7 38.Qc3 axb3 39.axb3 Kf7 40.b4 Ke7 
41.b5 c5 42.Ke2 Qf5 43.b6 Ke6 44.Qd3 Qh5+ 45.Kd2 Qxh2 46.Qd5+ Kf6 47.Qxc5 
Qg2 48.Ke3 Qf1 49.Qd6+ Kf7 50.Qd5+ Kf6 51.b7 Qe1+ 52.Kf3 Qh1+ 53.Ke2 Qb1 
54.Qd6+ Kf5 55.Qd3+ 1-0

[Event "XIX Corsicoscacchi Magistrale"]
[Site "Corsico ITA"]
[Date "1999.10.09"]
[Round "5"]
[White "Mascheroni, Maurizio"]
[Black "Pulito, Alberto"]
[Result "1/2-1/2"]
[WhiteElo "2067"]
[BlackElo "2097"]
[PlyCount "35"]
[EventDate "1999.10.02"]

1.e4 e6 2.d4 d5 3.Nd2 Nf6 4.e5 Nfd7 5.Bd3 c5 6.c3 Nc6 7.Ne2 cxd4 8.cxd4 f6
9.exf6 Qxf6 10.Nf3 h6 11.O-O Bd6 12.Be3 O-O 13.Ng3 e5 14.dxe5 Ndxe5 15.
Nxe5 Nxe5 16.Be2 Be6 17.Bd4 Qf4 18.Be3 1/2-1/2

[Event "XIX Corsicoscacchi Magistrale"]
[Site "Corsico ITA"]
[Date "1999.10.09"]
[Round "5"]
[White "Murgia, Andrea"]
[Black "Giordani, Marco"]
[Result "1-0"]
[WhiteElo "2125"]
[BlackElo "2016"]
[PlyCount "131"]
[EventDate "1999.10.02"]

1.e4 Nf6 2.e5 Nd5 3.d4 d6 4.Nf3 Bg4 5.Be2 e6 6.O-O Be7 7.c4 Nb6 8.Nc3 O-O 
9.Be3 a6 10.exd6 cxd6 11.Qb3 N8d7 12.h3 Bh5 13.g4 Bg6 14.Nd2 e5 15.f4 exf4
16.Bxf4 Re8 17.Nce4 d5 18.cxd5 Nf6 19.d6 Nxe4 20.dxe7 Qxd4+ 21.Be3 Nxd2 
22.Bxd4 Nxb3 23.axb3 Rxe7 24.Bf3 Nc8 25.Bc5 Rc7 26.Rfe1 h6 27.b4 a5 28.
Rad1 f6 29.Rd8+ Kh7 30.Bd6 Nxd6 31.Rxa8 axb4 32.Bd5 Bf7 33.Bxf7 Nxf7 34.
Re3 Ne5 35.Rb3 Nc6 36.Re8 Rd7 37.Ree3 Kg6 38.Rbd3 Rc7 39.Re2 Ne5 40.Rb3 
Nc6 41.Rc2 Re7 42.Rd2 Ne5 43.Kf2 Nc6 44.Kg3 Kf7 45.Rbd3 Ne5 46.Rd4 Nc6 47.
Rd7 Ke8 48.Rxe7+ Kxe7 49.Kf4 Ke6 50.Ke4 Ne5 51.Rd4 Nc6 52.Rd5 b6 53.Rb5 
Kd6 54.Rxb6 Kc5 55.Rb7 Na5 56.Rc7+ Kb5 57.Kd3 Ka4 58.Kc2 g6 59.Rf7 f5 60.
gxf5 gxf5 61.Rxf5 Nc6 62.Rh5 Nd4+ 63.Kb1 Kb3 64.Rxh6 Nf3 65.Rd6 Ne5 66.h4 
1-0

[Event "XIX Corsicoscacchi Magistrale"]
[Site "Corsico ITA"]
[Date "1999.10.09"]
[Round "5"]
[White "Natalucci, Fabrizio"]
[Black "La Torre, Giovanni"]
[Result "1-0"]
[WhiteElo "2196"]
[BlackElo "1902"]
[PlyCount "69"]
[EventDate "1999.10.02"]

1.d4 d5 2.Nf3 Bf5 3.c4 c6 4.Nc3 e6 5.Qb3 Qb6 6.c5 Qxb3 7.axb3 Na6 8.Bf4 
Nf6 9.e3 Nb4 10.Kd2 Be7 11.Ra4 a5 12.Be2 O-O 13.Rha1 Nc2 14.Rc1 Nb4 15.Ne1
Rfc8 16.Rca1 Bd8 17.f3 h6 18.R1a3 b5 19.cxb6 Bxb6 20.Bd6 c5 21.dxc5 Bxc5 
22.Bxc5 Rxc5 23.Rxb4 e5 24.Rb5 Rxb5 25.Nxb5 d4 26.exd4 exd4 27.Bd3 Bxd3 
28.Nxd3 Nd5 29.Nxd4 Nb6 30.Ke2 Re8+ 31.Kd2 a4 32.Nc6 axb3 33.Rxb3 Nc4+ 34.
Kc3 Re6 35.Nd4 1-0

[Event "XIX Corsicoscacchi Magistrale"]
[Site "Corsico ITA"]
[Date "1999.10.09"]
[Round "5"]
[White "Sbarra, Marco"]
[Black "Everet, Alexandro"]
[Result "1/2-1/2"]
[WhiteElo "2294"]
[BlackElo "2294"]
[PlyCount "81"]
[EventDate "1999.10.02"]

1.d4 Nf6 2.c4 d6 3.Nc3 g6 4.e4 Bg7 5.Nf3 O-O 6.Be2 c6 7.O-O Qc7 8.Be3 Bg4 
9.Qd2 Bxf3 10.Bxf3 Rd8 11.b4 Nbd7 12.Rab1 a5 13.a3 axb4 14.axb4 Nb6 15.Be2
Na4 16.Bf3 Nxc3 17.Qxc3 Nd7 18.Qb3 b6 19.Rfd1 Ra7 20.c5 bxc5 21.dxc5 dxc5 
22.bxc5 Ra5 23.g3 Rb5 24.Qa3 Rxb1 25.Rxb1 Rb8 26.Rxb8+ Qxb8 27.Qa6 Ne5 28.
Kg2 h5 29.Qb6 Qa8 30.Bf4 Nd3 31.Be2 Nxf4+ 32.gxf4 Qa4 33.Bf3 e6 34.f5 exf5
35.exf5 Qf4 36.fxg6 fxg6 37.Qxc6 Kh7 38.Be4 Qg4+ 39.Kf1 Qd1+ 40.Kg2 Qg4+ 
41.Kf1 1/2-1/2

[Event "XIX Corsicoscacchi Magistrale"]
[Site "Corsico ITA"]
[Date "1999.10.10"]
[Round "6"]
[White "Bonanno, Alessandro"]
[Black "Pace, Pietro Dario"]
[Result "1-0"]
[WhiteElo "2041"]
[BlackElo "1879"]
[PlyCount "83"]
[EventDate "1999.10.02"]

1.e4 e5 2.f4 d5 3.exd5 e4 4.d3 Nf6 5.Qe2 Bf5 6.dxe4 Nxe4 7.Nd2 Qe7 8.Ngf3 
Nxd2 9.Bxd2 Bxc2 10.Qxe7+ Bxe7 11.Rc1 Be4 12.Rxc7 Bxd5 13.Rc8+ Bd8 14.Ne5 
a6 15.Bb4 Be6 16.Bc4 Bxc4 17.Nxc4 Kd7 18.Nb6+ Ke6 19.f5+ Ke5 20.Rc5+ Kd4 
21.Rc4+ Kd3 22.Rc3+ Ke4 23.Nxa8 Nc6 24.O-O Bf6 25.Rxc6 bxc6 26.Nc7 Bxb2 
27.Nxa6 Ra8 28.Nc5+ Kd5 29.Nb3 Rxa2 30.Rf2 c5 31.Bc3 Ra3 32.Rxb2 Kc4 33.
Bxg7 Rxb3 34.Rxb3 Kxb3 35.g4 Kc4 36.Kf2 Kd3 37.Kf3 c4 38.h4 c3 39.Bxc3 
Kxc3 40.Ke4 f6 41.Kd5 Kd3 42.Ke6 1-0

[Event "XIX Corsicoscacchi Magistrale"]
[Site "Corsico ITA"]
[Date "1999.10.10"]
[Round "6"]
[White "Crippa, Gabriele"]
[Black "Barlocco, Carlo"]
[Result "0-1"]
[WhiteElo "2149"]
[BlackElo "2161"]
[PlyCount "120"]
[EventDate "1999.10.02"]

1.d4 d5 2.c4 e6 3.Nf3 c5 4.cxd5 exd5 5.Nc3 Nc6 6.g3 Nf6 7.Bg2 Be7 8.O-O 
O-O 9.h3 Ne4 10.Be3 Nxc3 11.bxc3 c4 12.Qc2 Be6 13.Bd2 Re8 14.e4 dxe4 15.
Qxe4 Bf6 16.Qf4 Ne7 17.Ng5 Bxg5 18.Qxg5 Bd5 19.Qg4 Bxg2 20.Kxg2 Nd5 21.
Rab1 b6 22.Qf3 Qd7 23.Rfe1 h6 24.Rbd1 Rad8 25.Rxe8+ Rxe8 26.Re1 Rxe1 27.
Bxe1 Qe6 28.Bd2 f5 29.Kf1 g5 30.Qe2 Qxe2+ 31.Kxe2 Kg7 32.Kd1 Kg6 33.Kc2 h5
34.Kd1 Nf6 35.Ke2 Ne4 36.Be1 Nf6 37.Bd2 Nd5 38.Kf3 Kf6 39.Be1 g4+ 40.hxg4 
hxg4+ 41.Ke2 Ke6 42.Bd2 Kd7 43.Kd1 Kc6 44.Kc2 Nf6 45.Kd1 Kd5 46.Be1 Ke4 
47.Ke2 Nd5 48.Bd2 b5 49.Be1 b4 50.cxb4 Kxd4 51.b5 Nc3+ 52.Kd2 Nxb5 53.Kc2 
Nd6 54.f3 a6 55.fxg4 fxg4 56.Bd2 Nf5 57.Bf4 Ne3+ 58.Kc1 Kd3 59.Bc7 c3 60.
Bb6 Nf5 0-1

[Event "XIX Corsicoscacchi Magistrale"]
[Site "Corsico ITA"]
[Date "1999.10.10"]
[Round "6"]
[White "Everet, Alexandro"]
[Black "Drabke, Lorenz Maximilian"]
[Result "1-0"]
[WhiteElo "2294"]
[BlackElo "2102"]
[PlyCount "85"]
[EventDate "1999.10.02"]

1.d4 Nf6 2.c4 c5 3.Nf3 e6 4.Nc3 cxd4 5.Nxd4 a6 6.a3 Qc7 7.e4 b6 8.Be2 Bb7 
9.f3 Be7 10.Be3 O-O 11.Bf2 d6 12.O-O Nbd7 13.Rc1 Rac8 14.Qd2 Qb8 15.Qe3 
Qa8 16.Rfd1 Rfe8 17.b4 Bd8 18.Nb3 Bc7 19.Bg3 Qb8 20.f4 Rcd8 21.Kh1 Qa8 22.
Bf3 Qb8 23.Re1 Rc8 24.Nd2 Kh8 25.Re2 Bd8 26.Rce1 Qc7 27.e5 dxe5 28.fxe5 
Ng8 29.Bxb7 Qxb7 30.Nce4 Be7 31.Qf2 Nh6 32.Qf4 Nf8 33.Nd6 Bxd6 34.exd6 
Red8 35.Bf2 Ng6 36.Qe4 Qxe4 37.Nxe4 Rxc4 38.Bxb6 Rd7 39.Bc7 Nf4 40.Rd2 Nd5
41.Rxd5 Rxe4 42.Rxe4 exd5 43.Re7 1-0

[Event "XIX Corsicoscacchi Magistrale"]
[Site "Corsico ITA"]
[Date "1999.10.10"]
[Round "6"]
[White "Fadali, Mustafa"]
[Black "Leoni, Fabrizio"]
[Result "0-1"]
[WhiteElo "1930"]
[BlackElo "1905"]
[PlyCount "42"]
[EventDate "1999.10.02"]

1.e4 c6 2.d4 d5 3.e5 Bf5 4.Bd3 Bxd3 5.Qxd3 e6 6.f4 Qa5+ 7.c3 Qa6 8.Qf3 c5 
9.Ne2 Nc6 10.O-O cxd4 11.Nxd4 Nxd4 12.cxd4 Ne7 13.Nd2 Nf5 14.g4 Nxd4 15.
Qg2 Nc2 16.Rb1 Ne3 17.Qf3 Nxf1 18.Nxf1 Qxa2 19.Qd3 Qc4 20.Qd1 Bc5+ 21.Ne3 
Qe4 0-1

[Event "XIX Corsicoscacchi Magistrale"]
[Site "Corsico ITA"]
[Date "1999.10.10"]
[Round "6"]
[White "Giordani, Marco"]
[Black "Mascheroni, Maurizio"]
[Result "1/2-1/2"]
[WhiteElo "2016"]
[BlackElo "2067"]
[PlyCount "75"]
[EventDate "1999.10.02"]

1.d4 Nf6 2.c4 e6 3.Nc3 Bb4 4.Qc2 d5 5.Bg5 Nbd7 6.a3 Bxc3+ 7.Qxc3 O-O 8.Nf3
h6 9.Bf4 b6 10.cxd5 exd5 11.e3 Bb7 12.Rc1 Rc8 13.Bd3 Re8 14.O-O c5 15.Bf5 
g5 16.Bg3 Ne4 17.Qd3 c4 18.Qe2 Nxg3 19.hxg3 Rc7 20.g4 Bc8 21.g3 Nf8 22.Kg2
Bxf5 23.gxf5 Qf6 24.Rh1 Kg7 25.g4 Nd7 26.Rh5 Rh8 27.Rch1 Rcc8 28.Qe1 Qe7 
29.Nh2 Nf6 30.Rh3 Rce8 31.Qe2 Qe4+ 32.Qf3 Qc2 33.Nf1 Re4 34.Ng3 Ree8 35.
Nh5+ Nxh5 36.Rxh5 Qe4 37.Kg3 Qxf3+ 38.Kxf3 1/2-1/2

[Event "XIX Corsicoscacchi Magistrale"]
[Site "Corsico ITA"]
[Date "1999.10.10"]
[Round "6"]
[White "La Torre, Giovanni"]
[Black "Galli, Fabio"]
[Result "0-1"]
[WhiteElo "1902"]
[BlackElo "2158"]
[PlyCount "64"]
[EventDate "1999.10.02"]

1.e4 e6 2.d4 d5 3.e5 c5 4.c3 Nc6 5.Nf3 Qb6 6.a3 Bd7 7.b4 c4 8.a4 Qc7 9.Be2
O-O-O 10.Ng5 Nh6 11.a5 f6 12.Nf3 fxe5 13.dxe5 Nf7 14.Be3 Kb8 15.Na3 Nfxe5 
16.O-O Nxf3+ 17.Bxf3 Ne5 18.Be2 Bd6 19.b5 Bxa3 20.Rxa3 Bxb5 21.Qd4 Nc6 22.
Qc5 a6 23.Raa1 d4 24.cxd4 Rd5 25.Qa3 Nxd4 26.Rfd1 Nc2 27.Bb6 Qxb6 28.axb6 
Nxa3 29.Rxa3 Rd6 30.Bf3 Rxb6 31.Re3 Rc8 32.Bg4 Bd7 0-1

[Event "XIX Corsicoscacchi Magistrale"]
[Site "Corsico ITA"]
[Date "1999.10.10"]
[Round "6"]
[White "Lapiccirella, Daniele"]
[Black "Salami, Marco"]
[Result "1-0"]
[WhiteElo "1891"]
[BlackElo "2227"]
[PlyCount "79"]
[EventDate "1999.10.02"]

1.d4 Nc6 2.c4 e5 3.d5 Nce7 4.e4 Ng6 5.Nc3 Nf6 6.Bd3 Bb4 7.Ne2 d6 8.f3 Bd7 
9.Be3 O-O 10.Qd2 c6 11.a3 Bxc3 12.Nxc3 c5 13.O-O Rb8 14.b4 b6 15.Nb5 Bxb5 
16.cxb5 Qd7 17.Rfc1 Ne8 18.a4 Nc7 19.Qe2 Ne7 20.Rd1 f5 21.exf5 Nxf5 22.
Bxf5 Rxf5 23.Rac1 Ra8 24.bxc5 dxc5 25.Bf2 Ne8 26.Bg3 Nd6 27.Re1 Re8 28.Qb2
Qe7 29.Re2 Qf7 30.Rd1 h5 31.Qc3 h4 32.Bxe5 h3 33.Rde1 Qg6 34.f4 Nf7 35.
Qxh3 Nxe5 36.fxe5 Qg5 37.Qg3 Qh5 38.d6 Rg5 39.Qb3+ Kh8 40.d7 1-0

[Event "XIX Corsicoscacchi Magistrale"]
[Site "Corsico ITA"]
[Date "1999.10.10"]
[Round "6"]
[White "Lapiccirella, Mattia"]
[Black "Natalucci, Fabrizio"]
[Result "0-1"]
[WhiteElo "2124"]
[BlackElo "2196"]
[PlyCount "56"]
[EventDate "1999.10.02"]

1.d4 d5 2.c4 e6 3.Nf3 f5 4.g3 Bd6 5.Bg2 Nf6 6.O-O O-O 7.Qc2 c6 8.Bf4 Bxf4 
9.gxf4 Bd7 10.Nbd2 Be8 11.Ne5 Bh5 12.e3 Nbd7 13.Ndf3 Bxf3 14.Nxf3 Ne4 15.
Rfc1 Rc8 16.b4 h6 17.c5 g5 18.fxg5 hxg5 19.Ne1 g4 20.f3 gxf3 21.Bxf3 Rf7 
22.Nd3 Qh4 23.Nf4 Rg7+ 24.Ng2 Ndf6 25.Rf1 Kf7 26.Bxe4 Nxe4 27.Rf4 Qh3 28.
Kh1 Rh8 0-1